50 US States, 268 Capitals Quiz Stats

 Plays Quiz not verified by Sporcle

Score 0/50 Timer 08:00
0 Plays Today
Neighbor's Capital State Name % Correct
Harrisburg, Montpelier, Boston, Hartford, TrentonNew York
93%
Atlanta, MontgomeryFlorida
85.1%
Albany, Dover, HarrisburgNew Jersey
84.8%
ConcordMaine
83.4%
Raleigh, Columbia, Montgomery, Nashville, TallahasseeGeorgia
81.8%
Baton Rouge, Oklahoma City, Little Rock, Santa FeTexas
81.8%
Harrisburg, Richmond, Charleston, DoverMaryland
79.7%
Olympia, Boise, Carson City, SacramentoOregon
79.4%
Jefferson City, Oklahoma City, Lincoln, DenverKansas
78.7%
Austin, Oklahoma City, Phoenix, Denver, Salt Lake CityNew Mexico
77.8%
Helena, Pierre, Saint PaulNorth Dakota
77.4%
Austin, Little Rock, JacksonLouisiana
76.6%
Jefferson City, Des Moines, Madison, Frankfort, Indianapolis, Lansing Illinois
75.4%
Salem, Carson City, PhoenixCalifornia
74.4%
Olympia, Salem, Carson City, Salt Lake City, Cheyenne, HelenaIdaho
73.4%
Boise, Carson City, Phoenix, Santa Fe, Denver, Cheyenne Utah
73.3%
Bismarck, Pierre, Des Moines, Madison, LansingMinnesota
73.3%
Salem, Sacramento, Phoenix, Salt Lake City, BoiseNevada
72.3%
Raleigh, AtlantaSouth Carolina
72%
Boston, HartfordRhode Island
70.2%
Salem, BoiseWashington
70%
Annapolis, Charleston, Frankfort, Nashville, Raleigh Virginia
68.5%
Augusta, Montpelier, BostonNew Hampshire
67.5%
Sacramento, Carson City, Salt Lake City, Denver, Santa FeArizona
67%
Annapolis, Harrisburg, Columbus, Frankfort, Richmond West Virginia
66.5%
Neighbor's Capital State Name % Correct
Richmond, Nashville, Atlanta, ColumbiaNorth Carolina
66.2%
Lansing, Indianapolis, Frankfort, Charleston, HarrisburgOhio
65.2%
Concord, Montpelier, Albany, Hartford, ProvidenceMassachusetts
64.1%
Helena, Boise, Salt Lake City, Denver, Lincoln, PierreWyoming
63.6%
Bismarck, Helena, Cheyenne, Lincoln, Des Moines, Saint PaulSouth Dakota
63.6%
Cheyenne, Salt Lake City, Phoenix, Santa Fe, Oklahoma City, Topeka, LincolnColorado
61.9%
Topeka, Denver, Santa Fe, Austin, Little Rock, Jefferson City Oklahoma
57.8%
Concord, Albany, BostonVermont
57%
none (is a group of islands)Hawaii
56.4%
Saint Paul, Pierre, Lincoln, Jefferson City, Springfield, Madison Iowa
55.4%
Harrisburg, Annapolis, TrentonDelaware
55%
none (is the largest state)Alaska
54.5%
Jackson, Nashville, Atlanta, TallahasseeAlabama
54.1%
Frankfort, Jefferson City, Little Rock, Jackson, Montgomery, Atlanta, Raleigh, RichmondTennessee
53.6%
Providence, Boston, AlbanyConnecticut
52.1%
Saint Paul, Des Moines, Springfield, LansingWisconsin
50.6%
Indianapolis, Springfield, Jefferson City, Nashville, Richmond, Charleston, ColumbusKentucky
50.1%
Trenton, Albany, Columbus, Charleston, Annapolis, DoverPennsylvania
47%
Boise, Cheyenne, Pierre, BismarckMontana
46.3%
Jefferson City, Oklahoma City, Austin, Baton Rouge, Jackson, NashvilleArkansas
44.6%
Saint Paul, Madison, Springfield, Indianapolis,Columbus Michigan
43.2%
Nashville, Little Rock, Baton Rouge, MontgomeryMississippi
42.9%
Springfield, Frankfort, Columbus, LansingIndiana
41.2%
Pierre, Cheyenne, Denver, Topeka, Jefferson City, Des Moines Nebraska
40.6%
Des Moines, Lincoln, Topeka, Oklahoma City, Little Rock, Nashville, Frankfort, SpringfieldMissouri
38.6%

You're not logged in!

Compare scores with friends on all Sporcle quizzes.
OR
Log In

Show Comments

Extras

Top Quizzes Today


Score Distribution

Your Account Isn't Verified!

In order to create a playlist on Sporcle, you need to verify the email address you used during registration. Go to your Sporcle Settings to finish the process.

Report this User

Report this user for behavior that violates our Community Guidelines.

Details: